[Event "FIDE Womens Grand Swiss 2021"]
[Site "Riga"]
[Date "2021.11.04"]
[Round "8.7"]
[White "Pogonina, Natalija"]
[Black "Zawadzka, Jolanta"]
[Result "1-0"]
[WhiteElo "2467"]
[BlackElo "2428"]
[Annotator "ChessBase"]
[PlyCount "111"]
[EventDate "2021.10.27"]
[EventType "swiss"]
[EventCountry "LAT"]
[Tiebreak "Cut1 Buchholz+Sonneborn-Berger (Swiss)"]
[SourceTitle "playchess.com"]
[Source "ChessBase"]
[SourceQuality "1"]
[TimeControl "40/6000+30:20/3000+30:900+30"]

1. d4 {[%emt 0:10:04]} d5 {[%emt 0:10:05]} 2. c4 {[%emt 0:00:06]} e6 {[%emt 0:
00:04]} 3. Nf3 {[%emt 0:00:06]} Nf6 {[%emt 0:00:03]} 4. g3 {[%emt 0:00:07]}
dxc4 {[%emt 0:00:27]} 5. Bg2 {[%emt 0:00:12]} a6 {[%emt 0:00:16]} 6. O-O {
[%emt 0:00:35]} Nc6 {[%emt 0:00:19]} 7. e3 {[%emt 0:01:25]} Bd7 {[%emt 0:00:31]
} 8. Qe2 {[%emt 0:00:39]} Bd6 {[%emt 0:00:43]} 9. Nbd2 {[%emt 0:15:16]} O-O {
[%emt 0:02:12]} 10. Nxc4 {[%emt 0:00:37]} b5 {[%emt 0:00:36]} 11. Nxd6 {
[%emt 0:09:55]} cxd6 {[%emt 0:00:04]} 12. b3 {[%emt 0:00:14]} Rc8 {[%emt 0:03:
00]} 13. Ba3 {[%emt 0:06:31]} b4 {[%emt 0:04:28]} 14. Bb2 {[%emt 0:00:12]} Qb6
{[%emt 0:01:59]} 15. Nd2 {[%emt 0:04:41]} Na5 {[%emt 0:11:53]} 16. Rfc1 {
[%emt 0:04:20]} Bb5 {[%emt 0:03:07]} 17. Qd1 {[%emt 0:03:23]} d5 {[%emt 0:15:
29]} 18. a3 {[%emt 0:08:29]} Nc6 {[%emt 0:02:30]} 19. Nf3 {[%emt 0:08:19]} a5 {
[%emt 0:00:51]} 20. axb4 {[%emt 0:01:43]} Nxb4 {[%emt 0:06:09]} 21. Ne1 {
[%emt 0:03:24]} Ne4 {[%emt 0:07:26]} 22. f3 {[%emt 0:00:29]} Nd6 {[%emt 0:00:
40]} 23. Qd2 {[%emt 0:01:04]} Rxc1 {[%emt 0:11:32]} 24. Rxc1 {[%emt 0:00:09]}
Rc8 {[%emt 0:02:46]} 25. Ba3 {[%emt 0:04:12]} Rxc1 {[%emt 0:03:37]} 26. Qxc1 {
[%emt 0:00:08]} Ba6 {[%emt 0:02:08]} 27. Qd2 {[%emt 0:02:12]} Nf5 {[%emt 0:03:
28]} 28. Bxb4 {[%emt 0:13:20]} Qxb4 {[%emt 0:10:42]} 29. Qxb4 {[%emt 0:00:06]}
axb4 {[%emt 0:00:02]} 30. Nc2 {[%emt 0:00:10]} Be2 {[%emt 0:01:07]} 31. Kf2 {
[%emt 0:00:30]} Bd1 {[%emt 0:00:41]} 32. Na1 {[%emt 0:04:46]} e5 {[%emt 0:02:
26]} 33. g4 {[%emt 0:01:37]} Nh4 {[%emt 0:00:35]} 34. dxe5 {[%emt 0:01:26]}
Nxg2 {[%emt 0:00:47]} 35. Kxg2 {[%emt 0:00:06]} Kf8 {[%emt 0:00:08]} 36. g5 {
[%emt 0:03:12]} Ke7 {[%emt 0:01:49]} 37. Kf2 {[%emt 0:00:16]} Ke6 {[%emt 0:01:
24]} 38. f4 {[%emt 0:00:21]} Kf5 {[%emt 0:00:26]} 39. Ke1 {[%emt 0:00:13]} Bg4
{[%emt 0:00:21]} 40. Nc2 {[%emt 0:00:21]} Ke4 {[%emt 0:01:14]} 41. Kd2 {
[%emt 0:37:07]} Be6 {[%emt 0:21:36]} 42. Nd4 {[%emt 0:05:30]} Bd7 {[%emt 0:03:
50]} 43. Ke2 {[%emt 0:00:24]} Bg4+ {[%emt 0:04:44]} 44. Kf2 {[%emt 0:00:16]} g6
{[%emt 0:02:45]} 45. Nc6 {[%emt 0:08:59]} Bd1 {[%emt 0:00:41]} 46. Nxb4 {
[%emt 0:00:31]} Bxb3 {[%emt 0:01:05]} 47. Na6 {[%emt 0:01:08]} Bd1 {[%emt 0:02:
11]} 48. Nc5+ {[%emt 0:00:05]} Kf5 {[%emt 0:00:11]} 49. Nb7 {[%emt 0:01:38]}
Ba4 {[%emt 0:15:00]} 50. Nd6+ {[%emt 0:00:13]} Ke6 {[%emt 0:00:01]} 51. Ke2 {
[%emt 0:00:19]} Bd7 {[%emt 0:02:07]} 52. Kd3 {[%emt 0:00:22]} Bc6 {[%emt 0:00:
48]} 53. Kd4 {[%emt 0:00:10]} Ba4 {[%emt 0:01:03]} 54. Nb7 {[%emt 0:01:15]} Kf5
{[%emt 0:01:19]} 55. Nd8 {[%emt 0:01:17]} Be8 {[%emt 0:01:31]} 56. h3 {[%emt 0:
00:51]} 1-0

[Event "FIDE Womens Grand Swiss 2021"]
[Site "Riga"]
[Date "2021.11.04"]
[Round "8.8"]
[White "Cori T., Deysi"]
[Black "Shuvalova, Polina"]
[Result "1-0"]
[WhiteElo "2382"]
[BlackElo "2509"]
[Annotator "ChessBase"]
[PlyCount "121"]
[EventDate "2021.10.27"]
[EventType "swiss"]
[EventCountry "LAT"]
[Tiebreak "Cut1 Buchholz+Sonneborn-Berger (Swiss)"]
[SourceTitle "playchess.com"]
[Source "ChessBase"]
[SourceQuality "1"]
[TimeControl "40/6000+30:20/3000+30:900+30"]

1. d4 {[%emt 0:10:08]} Nf6 {[%emt 0:10:05]} 2. c4 {[%emt 0:00:42]} g6 {[%emt 0:
00:06]} 3. f3 {[%emt 0:03:50]} d5 {[%emt 0:08:08]} 4. cxd5 {[%emt 0:00:10]}
Nxd5 {[%emt 0:00:19]} 5. e4 {[%emt 0:00:02]} Nb6 {[%emt 0:01:32]} 6. Nc3 {
[%emt 0:01:59]} Bg7 {[%emt 0:00:20]} 7. Be3 {[%emt 0:00:23]} c6 {[%emt 0:08:55]
} 8. Rc1 {[%emt 0:12:38]} O-O {[%emt 0:03:39]} 9. h4 {[%emt 0:01:37]} h5 {
[%emt 0:07:06]} 10. b3 {[%emt 0:01:22]} Qd6 {[%emt 0:14:35]} 11. e5 {[%emt 0:
13:18]} Qb4 {[%emt 0:01:46]} 12. Kf2 {[%emt 0:07:18]} Na6 {[%emt 0:10:31]} 13.
Bd3 {[%emt 0:16:41]} Rd8 {[%emt 0:13:15]} 14. Nge2 {[%emt 0:00:04]} c5 {
[%emt 0:01:41]} 15. a3 {[%emt 0:09:12]} Qa5 {[%emt 0:01:51]} 16. Bd2 {[%emt 0:
02:57]} c4 {[%emt 0:04:25]} 17. Na4 {[%emt 0:05:34]} Qb5 {[%emt 0:03:17]} 18.
Bxc4 {[%emt 0:05:11]} Nxc4 {[%emt 0:01:13]} 19. bxc4 {[%emt 0:00:01]} Qd7 {
[%emt 0:01:08]} 20. Bg5 {[%emt 0:09:12]} Rb8 {[%emt 0:03:09]} 21. Nac3 {
[%emt 0:01:54]} Nc7 {[%emt 0:00:49]} 22. Qa4 {[%emt 0:02:42]} Qxa4 {[%emt 0:06:
33]} 23. Nxa4 {[%emt 0:00:01]} Kf8 {[%emt 0:00:07]} 24. Nac3 {[%emt 0:03:54]}
b6 {[%emt 0:00:27]} 25. a4 {[%emt 0:01:15]} a6 {[%emt 0:00:17]} 26. Bf4 {
[%emt 0:00:45]} Ne6 {[%emt 0:01:11]} 27. Be3 {[%emt 0:00:00]} Bd7 {[%emt 0:00:
07]} 28. Rb1 {[%emt 0:01:00]} Rdc8 {[%emt 0:00:59]} 29. Nd5 {[%emt 0:00:11]} b5
{[%emt 0:03:06]} 30. axb5 {[%emt 0:00:22]} axb5 {[%emt 0:00:12]} 31. c5 {
[%emt 0:00:07]} Nc7 {[%emt 0:01:11]} 32. Nb4 {[%emt 0:01:15]} Ra8 {[%emt 0:00:
41]} 33. Nc3 {[%emt 0:00:24]} f6 {[%emt 0:01:58]} 34. exf6 {[%emt 0:00:42]}
Bxf6 {[%emt 0:00:12]} 35. Nbd5 {[%emt 0:00:25]} Nxd5 {[%emt 0:00:57]} 36. Nxd5
{[%emt 0:00:01]} Bc6 {[%emt 0:01:39]} 37. Nb4 {[%emt 0:01:02]} Be8 {[%emt 0:00:
05]} 38. d5 {[%emt 0:00:37]} Kf7 {[%emt 0:00:54]} 39. Rb3 {[%emt 0:00:30]} Ra4
{[%emt 0:00:53]} 40. c6 {[%emt 0:00:29]} e6 {[%emt 0:00:38]} 41. dxe6+ {
[%emt 0:46:24]} Kxe6 {[%emt 0:21:12]} 42. Bg5 {[%emt 0:00:37]} Bd4+ {[%emt 0:
06:09]} 43. Kg3 {[%emt 0:00:22]} Kd6 {[%emt 0:03:23]} 44. Bf4+ {[%emt 0:01:33]}
Ke6 {[%emt 0:10:03]} 45. Re1+ {[%emt 0:00:54]} Kf7 {[%emt 0:00:28]} 46. Rd1 {
[%emt 0:00:41]} Bb6 {[%emt 0:04:07]} 47. Nd3 {[%emt 0:01:09]} Bxc6 {[%emt 0:01:
45]} 48. Ne5+ {[%emt 0:00:04]} Ke6 {[%emt 0:00:19]} 49. Nxc6 {[%emt 0:02:03]}
Rxc6 {[%emt 0:00:05]} 50. Re1+ {[%emt 0:00:23]} Kf7 {[%emt 0:01:06]} 51. Rxb5 {
[%emt 0:00:06]} Bc7 {[%emt 0:01:01]} 52. Bxc7 {[%emt 0:00:50]} Rxc7 {[%emt 0:
00:01]} 53. Rb6 {[%emt 0:00:36]} Ra2 {[%emt 0:03:01]} 54. Rd1 {[%emt 0:01:18]}
Rcc2 {[%emt 0:02:23]} 55. Rd7+ {[%emt 0:00:01]} Ke8 {[%emt 0:00:05]} 56. Rh7 {
[%emt 0:00:08]} Rxg2+ {[%emt 0:00:06]} 57. Kf4 {[%emt 0:00:02]} Ra4+ {[%emt 0:
00:28]} 58. Ke5 {[%emt 0:00:01]} Ra5+ {[%emt 0:01:42]} 59. Ke6 {[%emt 0:00:10]}
Re2+ {[%emt 0:00:31]} 60. Kf6 {[%emt 0:00:03]} Rf5+ {[%emt 0:01:42]} 61. Kxg6 {
[%emt 0:15:02]} 1-0

[Event "FIDE Womens Grand Swiss 2021"]
[Site "Riga"]
[Date "2021.11.04"]
[Round "8.9"]
[White "Stefanova, Antoaneta"]
[Black "Munguntuul, Batkhuyag"]
[Result "1/2-1/2"]
[WhiteElo "2475"]
[BlackElo "2433"]
[Annotator "TA"]
[PlyCount "64"]
[EventDate "2021.10.27"]
[EventType "swiss"]
[EventCountry "LAT"]
[Tiebreak "Cut1 Buchholz+Sonneborn-Berger (Swiss)"]
[SourceTitle "playchess.com"]
[Source "ChessBase"]
[SourceQuality "1"]

{[%evp 9,64,12,14,5,6,0,0,0,0,0,0,0,0,-38,-28,-31,-41,-41,-26,-28,37,-48,-47,
-39,-39,-44,-37,-78,-53,-56,-30,-30,-30,-28,-29,-30,-30,-29,-14,-28,-18,-16,
-17,-29,-29,-26,-29,-27,-21,-35,-18,-22,-16,-18,-14,-17,-12]} 1. e4 c5 2. Nf3
e6 3. g3 Nc6 4. Bg2 Nf6 5. Qe2 e5 6. O-O {B40: Sicilian: 2...e6, Unusual lines.
} Be7 7. c3 O-O 8. Na3 Re8 9. d3 h6 10. Nc4 Bf8 {[#]} 11. Nfd2 $146 ({
Predecessor:} 11. Ne3 d5 12. Nh4 d4 13. Nd5 Be6 14. c4 b5 15. cxb5 Bxd5 16.
exd5 Nb4 17. d6 {1-0 (47) Martinez Alcantara,J (2620)-Vokhidov,S (2530) Chess.
com INT 2021}) 11... d5 12. exd5 Nxd5 13. Re1 Be6 14. Nf3 Bd6 (14... f6 $11)
15. Nxd6 (15. Ncxe5 $14 Bd7 16. Nxc6 Bxc6 17. Be3) 15... Qxd6 $15 16. Nd2 ({
Don't blunder} 16. Nxe5 $2 Nxe5 17. Qxe5 {[#]} Bd7 $1 $19) 16... Rad8 17. Nc4 {
[%mdl 64] Double Attack} Qd7 18. Be4 ({Wrong is} 18. Nxe5 $2 Nxe5 19. Qxe5 Bh3
$19) 18... b5 {[%cal Bb7b5,Bb5b4,Bb4c3][%mdl 32]} 19. Nd2 b4 20. Nb3 $1 bxc3 {
aiming for ...Nd4.} 21. Nxc5 {[#]} Nd4 $1 22. Nxd7 Nxe2+ 23. Rxe2 Rxd7 24. Rc2
cxb2 25. Bxb2 Nb4 26. Rc5 Nxd3 27. Bxd3 Rxd3 28. Rxe5 Rc8 {...Rc2 is the
strong threat.} 29. Re2 Bg4 30. Re4 {The position is equal.} Bf3 31. Rd4 Rd8
32. Rxd8+ Rxd8 {Weighted Error Value: White=0.11/Black=0.08} 1/2-1/2

[Event "FIDE Womens Grand Swiss 2021"]
[Site "Riga"]
[Date "2021.11.04"]
[Round "8.10"]
[White "Cramling, Pia"]
[Black "Vantika Agrawal"]
[Result "1/2-1/2"]
[WhiteElo "2447"]
[BlackElo "2322"]
[Annotator "TA"]
[PlyCount "60"]
[EventDate "2021.10.27"]
[EventType "swiss"]
[EventCountry "LAT"]
[Tiebreak "Cut1 Buchholz+Sonneborn-Berger (Swiss)"]
[SourceTitle "playchess.com"]
[Source "ChessBase"]
[SourceQuality "1"]

{[%evp 20,60,0,0,0,0,0,0,0,0,0,0,0,0,2,0,5,9,9,0,0,0,0,0,0,0,0,0,0,0,0,0,-5,
-10,0,0,0,0,0,0,0,0,0]} 1. d4 Nf6 2. c4 e6 3. Nf3 d5 4. Bg5 Be7 5. Nc3 h6 6.
Bh4 dxc4 7. e3 c5 8. Bxc4 cxd4 9. exd4 Nc6 10. O-O O-O 11. a3 {The position is
equal.} Nh5 {E57: Nimzo-Indian: Rubinstein: Main Line: 7...Nc6 8 a3 dxc4 9
Bxc4 cxd4.} 12. Bxe7 Nxe7 13. Re1 Nf6 14. Qd3 {[#]} a6 $146 ({Predecessor:} 
14... b6 15. Rad1 Bb7 16. Ba2 Re8 17. Ne5 Ned5 18. Nxd5 Bxd5 19. Bb1 Kf8 20.
Rc1 Rc8 {1/2-1/2 (40) Kron,V (2407)-Tregubov,A (2354) Tomsk 2003}) 15. Ne5 b5
16. Ba2 Bb7 17. Rac1 Ned5 18. Nxd5 Bxd5 19. Bxd5 Qxd5 20. Rc5 Qd6 21. Rec1 Nd7
22. Nxd7 Qxd7 23. Rc7 Rac8 24. Rxc8 Rxc8 25. Rxc8+ Qxc8 $11 {KQ-KQ} 26. Qd2 f5
27. h4 Kf7 28. g3 Qc6 29. Qe3 Qc2 30. b4 Qc6 {A rather calm draw.  Weighted
Error Value: White=0.00/Black=0.01} 1/2-1/2

[Event "FIDE Womens Grand Swiss 2021"]
[Site "Riga"]
[Date "2021.11.04"]
[Round "8.11"]
[White "Girya, Olga"]
[Black "Abdumalik, Zhansaya"]
[Result "1-0"]
[WhiteElo "2410"]
[BlackElo "2507"]
[Annotator "TA"]
[PlyCount "137"]
[EventDate "2021.10.27"]
[EventType "swiss"]
[EventCountry "LAT"]
[Tiebreak "Cut1 Buchholz+Sonneborn-Berger (Swiss)"]
[SourceTitle "playchess.com"]
[Source "ChessBase"]
[SourceQuality "1"]

{[%evp 21,137,7,7,2,0,0,17,20,18,17,31,37,43,0,0,0,0,0,0,0,18,18,81,91,136,117,
117,83,128,114,123,110,162,86,177,110,115,59,123,118,103,78,178,175,309,292,
390,350,479,472,424,339,741,698,727,506,487,308,303,286,288,167,347,337,706,
697,583,352,829,772,1225,1103,1017,341,841,462,539,538,452,317,358,266,341,295,
295,288,329,287,313,271,431,395,776,791,750,750,750,750,750,750,710,635,3349,
3073,29971,29972,29973,29974,29976,29977,29977,29978,29983,29984,29987,29985,
29989,29985]} 1. d4 Nf6 2. Nf3 g6 3. c4 Bg7 4. Nc3 d5 5. cxd5 Nxd5 6. e4 Nxc3
7. bxc3 c5 8. Bb5+ Nc6 9. O-O O-O 10. Be3 Bg4 11. Bxc6 {11.dxc5 is vanishing.}
bxc6 12. Rc1 {D85: Exchange Grünfeld: Unusual White 7th moves and lines with 7
Nf3.} Qa5 13. Qc2 Be6 14. a4 {The position is equal.} Rab8 {[#]} 15. Rb1 $146 (
{Predecessor:} 15. Nd2 cxd4 16. cxd4 Rb4 17. Qxc6 Bxd4 18. Nc4 Bxc4 19. Rxc4
Bxe3 20. fxe3 Rb2 21. Rc2 Rxc2 22. Qxc2 {1/2-1/2 (59) Lou,Y (2472)-Bai,J (2600)
Liaocheng 2021}) 15... c4 16. Rfc1 h6 17. Ne5 Bxe5 18. dxe5 Rb3 19. Bxh6 Rfb8
20. Be3 Qxe5 21. Bxa7 Ra8 (21... Rxb1 $11 {keeps the balance.} 22. Rxb1 Rxb1+
23. Qxb1 Qxc3) 22. Bd4 $16 Qh5 23. Ra1 f6 24. Qd1 Qh4 25. Qf3 Ra5 26. Qe3 $1
Rb7 {[#]} (26... Kf7 $16) 27. Re1 (27. e5 $1 $18 {[%cal Re5f6] And now exf6
would win.} Qg5 28. f4) 27... Rd7 (27... Rh5 $16 {was worth a try.} 28. h3 c5
29. Bxc5 Bxh3 30. gxh3 (30. Qxh3 Qxh3 31. gxh3 Rxc5 $16) 30... Qg5+ 31. Qxg5
Rxg5+ 32. Kh2 Rxc5) 28. e5 (28. Bb6 $18 Ra6 29. a5) 28... f5 {White should
prevent ...c5.} 29. f3 ({White should try} 29. Qc1 $16) 29... Kf7 ({Better is} 
29... c5 $1 $14 30. Bxc5 Rd3) 30. Bb6 $36 {[%mdl 2048] Keeping Black busy.} Ra8
31. Qf2 Qh6 (31... Qxf2+ $16 32. Kxf2 Rd3) 32. a5 $18 {[%cal Ba4a5,Ba5a6,Ba6a7]
[%mdl 32]} Rh8 {[#]} (32... Rd3 $142 33. a6 Rxc3) 33. h3 $1 f4 34. a6 Qg5 35.
a7 Ra8 36. Rad1 Bxh3 $2 (36... Rb7 37. Re2 Bd5) 37. Rxd7 Bxd7 38. e6+ Bxe6 39.
Bc7 Bd5 40. Bb8 Qf6 41. Qd4 (41. Qc5 $142) 41... Qh4 $2 (41... Qxd4+ 42. cxd4
Kf6) 42. Qe5 Ke8 $2 (42... Qf6 43. Qc7 Bxf3 44. gxf3 Qh4 45. Qxf4+ (45. Kf1
Qh3+ 46. Ke2 Qg2+ 47. Kd1 Qxf3+ {[%mdl 64] Double Attack} 48. Re2 Qd3+ 49. Ke1
Qg3+ 50. Kf1 Qf3+ 51. Ke1 Qg3+ 52. Kf1 Qf3+ 53. Ke1 Qg3+ $11) 45... Qxf4 46.
Bxf4 Rxa7) 43. Re2 Kf7 44. Ra2 g5 $2 (44... Ke8 45. Re2 Bxf3 46. gxf3 Qg3+ 47.
Rg2 Qxf3 48. Qh8+ Kd7 49. Qd4+ Ke8 50. Rxg6 Qe3+ 51. Qxe3 fxe3 52. Rxc6 Kd7 53.
Rxc4 e2) 45. Re2 e6 46. Qc7+ Kg6 47. Qe7 $2 (47. Qb7 c5 48. Qc8) 47... Qh8 $2 (
47... Qh7 48. Qxh7+ Kxh7) 48. Be5 Qh6 49. Qf6+ Kh5 50. Qxh6+ Kxh6 {[%mdl 4096]
Endgame KRB-KRB} 51. Bb8 Kh5 52. Kf2 Kg6 53. Ra2 Kf5 54. Bd6 c5 55. Bb8 ({
Don't play} 55. Bxc5 $6 e5 $18) 55... g4 (55... Kf6 {might work better.} 56.
Ra5 Kf5) 56. Ra5 gxf3 (56... Kg5 57. Rxc5 gxf3 58. gxf3 Kg6) 57. gxf3 Kf6 58.
Rxc5 Kf7 59. Rc8 Kg7 60. Rd8 Kf7 61. Rh8 Kf6 62. Rf8+ Ke7 63. Rxf4 {White
mates.} Kd7 64. Ke3 Kc6 65. Kd4 Kb5 66. Rf6 Kc6 67. f4 Kd7 68. Ke5 Ke7 69. Rh6
{Weighted Error Value: White=0.49/Black=0.48} 1-0

[Event "FIDE Womens Grand Swiss 2021"]
[Site "Riga"]
[Date "2021.11.04"]
[Round "8.12"]
[White "Saduakassova, Dinara"]
[Black "Rogule, Laura"]
[Result "1-0"]
[WhiteElo "2491"]
[BlackElo "2289"]
[Annotator "TA"]
[PlyCount "97"]
[EventDate "2021.10.27"]
[EventType "swiss"]
[EventCountry "LAT"]
[Tiebreak "Cut1 Buchholz+Sonneborn-Berger (Swiss)"]
[SourceTitle "playchess.com"]
[Source "ChessBase"]
[SourceQuality "1"]

{[%evp 19,97,54,55,54,72,44,75,57,57,57,63,44,52,53,67,44,44,34,74,68,74,51,65,
66,102,74,89,97,90,72,97,73,66,97,213,177,213,176,200,201,346,336,314,316,329,
335,555,564,565,563,554,521,530,502,495,471,557,522,535,534,520,440,423,309,
482,473,472,484,534,530,527,522,502,495,752,664,882,772,886,876]} 1. e4 c5 2.
Nf3 a6 3. c4 Nc6 4. d4 cxd4 5. Nxd4 Nf6 6. Nc3 e6 7. a3 Qc7 8. Be3 Be7 9. Be2
O-O 10. O-O d6 11. Rc1 {B41: Sicilian: Kan Variation: 5 c4.} Ne5 12. f3 b6 13.
Qd2 {White is better.} Bb7 14. Rfd1 Rfd8 15. Bf1 Rac8 16. Na4 Ned7 17. b4 {[#]}
Qb8 $146 ({Predecessor:} 17... Rb8 18. Qf2 Ba8 19. Nc3 Qb7 20. b5 axb5 21. cxb5
Ne5 22. Nc6 Nxc6 23. bxc6 Qxc6 {1/2-1/2 (33) Kantor,R (1821)-Machalova,E (2095)
Trencin 2008}) 18. Qf2 Ba8 19. Nb3 {[%cal Ra4b6]} Rc6 20. Rc2 Bf8 21. Rcd2 Re8
22. b5 axb5 23. cxb5 Rcc8 24. Nxb6 Nxb6 25. Bxb6 d5 26. Ba7 $36 {[%mdl 2048]
Black is under strong pressure. Black is on the road to losing.} Qb7 (26... Qd6
$16 {was necessary.}) 27. e5 $18 Nd7 28. Bd4 Qb8 29. Qe3 Bxa3 (29... Rc4 {
might work better.} 30. Bxc4 dxc4) 30. Ra2 Bf8 31. Rda1 Bb7 32. Ra7 f6 $2 {[#]}
(32... Bb4 33. R1a4 Be7) 33. Rxb7 $1 {[%mdl 576] Clearance} Qxb7 34. Ra7 Qb8 {
[%cal Rd7e5]} 35. Rxd7 Rc7 36. Rxc7 Qxc7 37. b6 Qf7 38. Na5 fxe5 39. Qxe5 Qd7
40. b7 Bd6 41. Qe1 e5 (41... Bc7 $142 42. Be5 Bxa5) 42. Bb6 {White is clearly
winning.} e4 43. fxe4 Rxe4 44. Qc3 {[#] Qc8+ is the strong threat.} Re8 45. Qc6
Qe6 46. Bc5 Bxc5+ (46... Bb8 $142 47. Qb5 h5) 47. Qxc5 Qd7 48. Qb5 Qd8 49. Nc6
{Weighted Error Value: White=0.13/Black=0.34} 1-0

[Event "FIDE Womens Grand Swiss 2021"]
[Site "Riga"]
[Date "2021.11.04"]
[Round "8.13"]
[White "Osmak, Iulija"]
[Black "Socko, Monika"]
[Result "1-0"]
[WhiteElo "2423"]
[BlackElo "2397"]
[Annotator "TA"]
[PlyCount "101"]
[EventDate "2021.10.27"]
[EventType "swiss"]
[EventCountry "LAT"]
[Tiebreak "Cut1 Buchholz+Sonneborn-Berger (Swiss)"]
[SourceTitle "playchess.com"]
[Source "ChessBase"]
[SourceQuality "1"]

{[%evp 15,101,2,14,0,-2,-30,2,-35,54,58,71,73,66,65,70,66,62,52,83,66,79,75,75,
47,89,89,88,84,94,84,101,77,112,113,127,111,189,204,218,210,294,315,322,323,
320,330,278,262,241,243,225,240,330,330,330,305,343,331,629,612,897,706,650,
627,1872,1277,2638,2413,2196,2088,5795,4145,12836,891,12833,750,6291,725,12840,
12839,12841,12841,12841,12841,12841,12841,12848,12848]} 1. c4 e5 2. Nc3 d6 3.
Nf3 f5 4. d4 e4 5. Ng5 Be7 6. Nh3 Nf6 7. Nf4 c6 8. e3 Na6 9. d5 {A21: English
Opening: 1...e5 2 Nc3.} O-O 10. Be2 Nc7 (10... g5 $5 {[%cal Rg5f4]} 11. Nh3 h6
$11) 11. b3 {[#] The position is equal.} cxd5 $146 (11... g5 $15 12. Nh3 h6) ({
Predecessor:} 11... Bd7 12. Ba3 Be8 13. Qd2 Bf7 14. dxc6 bxc6 15. O-O Qd7 16.
Rfd1 Rad8 17. Rac1 g5 {0-1 (44) Melnichenko,A (2245)-Bogdanovich,S (2299)
Yuzhny 2008}) 12. Nfxd5 $14 Ncxd5 13. Nxd5 Be6 14. Nxe7+ Qxe7 15. Ba3 Rfd8 16.
O-O Qf7 17. Qd4 ({But not} 17. Bxd6 $2 b6 $19) 17... d5 18. c5 Nd7 19. f3 Nb8
20. Bb2 {Black is now going downhill.} Nc6 21. Qd2 Rac8 22. b4 {[%cal Bb3b4,
Bb4b5][%mdl 32]} Qc7 23. b5 exf3 24. Rxf3 Ne5 25. Rg3 {[#] And now b6! would
win.} d4 (25... Rd7 $16) 26. Bxd4 $18 Ng6 27. Qc3 f4 28. exf4 Qxf4 29. Bxg7 Qd2
30. Bd3 Qxc3 31. Bxc3 Rxc5 32. Bxg6 hxg6 33. Rxg6+ {[%mdl 64] [#] Double Attack
} Kh7 34. Rxe6 Rxc3 {[%mdl 4096] Endgame KRR-KRR} 35. Re7+ Kg6 36. Rxb7 Rc2 $2
(36... Ra3 37. b6 axb6 38. Rxb6+ Kg5) 37. Rxa7 {White is clearly winning.} Rdd2
38. Kh1 Rb2 39. a4 Ra2 {[%cal Ra2a1]} 40. Rg1 Rdb2 41. Ra6+ Kg5 42. h3 Kh4 43.
Ra8 Rb4 44. Kh2 Rb3 45. Rh8+ Kg5 46. Rg8+ Kh5 47. Rg4 Kh6 48. Rc1 Kh7 49. Rc7+
Kh6 50. Rc6+ Kh5 51. Rc8 {[%cal Rc8h8] Weighted Error Value: White=0.05/
Black=0.44} 1-0

[Event "FIDE Womens Grand Swiss 2021"]
[Site "Riga"]
[Date "2021.11.04"]
[Round "8.14"]
[White "Buksa, Nataliya"]
[Black "Atalik, Ekaterina"]
[Result "1-0"]
[WhiteElo "2409"]
[BlackElo "2420"]
[Annotator "TA"]
[PlyCount "37"]
[EventDate "2021.10.27"]
[EventType "swiss"]
[EventCountry "LAT"]
[Tiebreak "Cut1 Buchholz+Sonneborn-Berger (Swiss)"]
[SourceTitle "playchess.com"]
[Source "ChessBase"]
[SourceQuality "1"]

{[%evp 22,37,27,22,10,15,34,37,52,33,84,67,228,230,951,939,2064,2014]} 1. e4 e5
2. Nf3 Nc6 3. Bb5 a6 4. Ba4 Nf6 5. O-O b5 6. Bb3 Bc5 7. c3 d6 8. d4 Bb6 9. a4
Bb7 10. Re1 O-O {10...0-0 scores better than 10...h6.} 11. Bg5 h6 12. Bh4 g5 {
C78: Ruy Lopez: Archangelsk and Möller Defences.} 13. Nxg5 hxg5 14. Bxg5 exd4 {
White is slightly better.} 15. Bd5 {And now cxd4 would win.} Kg7 (15... dxc3
$14 16. Nxc3 b4) 16. cxd4 $16 {[#] Threatens to win with Ra3.} Qd7 $2 ({
Better is} 16... Rg8 $1 $14) 17. Ra3 $18 {[#]} Nxd5 $146 (17... Rh8 18. Rf3 (
18. Bxf6+ Kxf6 19. a5 Nxa5 $14) 18... Nxd5) ({Predecessor:} 17... Nh7 18. Qh5
f6 19. Bh6+ Kh8 20. Rg3 Rg8 21. Ree3 {1-0 (21) Firouzja,A (2549)
-Khademalsharieh,S (2413) Amol 2018}) 18. Rg3 {White wants to mate with Qh5.}
Rg8 19. Qh5 {[%csl Gg5][%cal Rh5h6] White took control after the opening. 
Weighted Error Value: White=0.00/Black=0.73} 1-0